Statistiques concernant Codes-missions du RER B

Cliquez ici pour prendre le quiz!

Statistiques générales

  • Ce quiz a été pris 30 fois
  • Le résultat moyen est 34 sur 368

Statistiques - réponses

HintRéponse% Correct
Mitry - Claye -› Robinson OMNIBUS (3)SOSO
50%
Aéroport CDG 2 -› Massy-Pal DIRECT CDG1 -› Aulnay + Aulnay -› Gare du Nord (2)KALI
45%
Orsay-Ville -› Aéroport CDG 2 SANS Massy-Verrières, Parc de Sceaux (3)EMMA
40%
Saint-Rémy -› Aéroport CDG 2 DIRECT Massy-Pal - Antony + Croix de Berny - Bourg-la-Reine + Bourg-la-Reine - Cité Universitaire (1)EPAF
40%
Saint-Rémy -› Aéroport CDG 2 DIRECT Massy-Pal - Antony + Croix de Berny - Bourg-la-Reine + Bourg-la-Reine - Cité Universitaire (2)EPAU
35%
Robinson -› Mitry - Claye OMNIBUS (2)ILUS
35%
Orsay-Ville -› Aéroport CDG 2 SANS Massy-Verrières, Parc de Sceaux (4)EMUE
30%
Saint-Rémy -› Aéroport CDG 2 DIRECT Massy-Pal - Antony + Croix de Berny - Bourg-la-Reine + Bourg-la-Reine - Cité Universitaire (vacs hiver 4)EPAL
30%
Aéroport CDG 2 -› Massy-Pal DIRECT CDG1 -› Aulnay + Aulnay -› Gare du Nord (1)KARI
30%
Aéroport CDG 2 -› Orsay-Ville SAUF Parc de Sceaux et Massy - Verrières (3)LOUP
30%
Aéroport CDG 2 -› Orsay-Ville SAUF Parc de Sceaux et Massy - Verrières (4)LOVE
30%
Mitry - Claye -› Robinson OMNIBUS (weekend 3)SOIR
30%
Mitry - Claye -› Robinson OMNIBUS (1)SOSI
30%
Robinson -› Aéroport Charles de Gaulle 2 OMNIBUS (3)ELOI
25%
Orsay-Ville -› Aéroport CDG 2 SANS Massy-Verrières, Parc de Sceaux (vacs hiver 3)EMME
25%
Orsay-Ville -› Aéroport CDG 2 SANS Massy-Verrières, Parc de Sceaux (2)EMMY
25%
Saint-Rémy -› Aéroport CDG 2 DIRECT Massy-Pal - Antony + Croix de Berny - Bourg-la-Reine + Bourg-la-Reine - Cité Universitaire (3)EPIN
25%
Massy - Palaiseau -› Aéroport CDG 2 DIRECT Gare du Nord - Aulnay + Aulnay - Aéroport CDG 1 (1)ERIC
25%
Saint-Rémy-lès-Chevreuse -› Mitry - Claye DIRECT Massy-Pal - Antony + Croix de Berny - Bourg-la-Reine + Bourg-la-Reine - Cité Universitaire (1)ICAR
25%
Saint-Rémy-lès-Chevreuse -› Mitry - Claye DIRECT Le Guichet - Massy-Pal + Massy-Pal - Antony + Croix de Berny - Bourg-la-Reine (2)IJUR
25%
Robinson -› Mitry - Claye OMNIBUS (3)ILAN
25%
Robinson -› Mitry - Claye OMNIBUS (vacs hiver 3)ILLO
25%
Aéroport CDG 2 -› Saint-Rémy DIRECT Cité U - Bg-la-Reine + Bg-la-Reine - Croix de Berny + Antony - Massy-Pal (1)PIER
25%
Aéroport CDG 2 -› Saint-Rémy DIRECT Cité U - Bg-la-Reine + Bg-la-Reine - Croix de Berny + Antony - Massy-Pal (weekend 4)PITA
25%
Mitry - Claye -› Robinson OMNIBUS (6)SOLE
25%
Mitry - Claye -› Robinson OMNIBUS (weekend 4)SOTE
25%
Aéroport Charles-de-Gaulle 2 -› Robinson OMNIBUS (5)STOP
25%
Robinson -› Aéroport Charles de Gaulle 2 OMNIBUS (1)ELAN
20%
Robinson -› Aéroport Charles de Gaulle 2 OMNIBUS (4)ELEC
20%
Orsay-Ville -› Aéroport CDG 2 SANS Massy-Verrières, Parc de Sceaux (1)EMIR
20%
Saint-Rémy -› Aéroport CDG 2 DIRECT Massy-Pal - Antony + Croix de Berny - Bourg-la-Reine + Bourg-la-Reine - Cité Universitaire (weekend de vacances 3)EPAC
20%
Saint-Rémy -› Aéroport CDG 2 DIRECT Massy-Pal - Antony + Croix de Berny - Bourg-la-Reine + Bourg-la-Reine - Cité Universitaire (weekend 1)EPAV
20%
Saint-Rémy -› Aéroport CDG 2 DIRECT Massy-Pal - Antony + Croix de Berny - Bourg-la-Reine + Bourg-la-Reine - Cité Universitaire (vacs hiver 5)EPAX
20%
Massy - Palaiseau -› Aéroport CDG 2 DIRECT Gare du Nord - Aulnay + Aulnay - Aéroport CDG 1 (weekend 4)ERAN
20%
Massy - Palaiseau -› Aéroport CDG 2 DIRECT Gare du Nord - Aulnay + Aulnay - Aéroport CDG 1 (vacs hiver 3)EREN
20%
Massy - Palaiseau -› Mitry - Claye SANS Fontaine-Michalon (4)IRMA
20%
Aéroport CDG 2 -› Massy-Pal DIRECT CDG1 -› Aulnay + Aulnay -› Gare du Nord (3)KANE
20%
Aéroport CDG 2 -› Massy-Pal DIRECT CDG1 -› Aulnay + Aulnay -› Gare du Nord (weekend 4)KARE
20%
Aéroport CDG 2 -› Orsay-Ville SAUF Parc de Sceaux et Massy - Verrières (2)LORD
20%
Mitry - Claye -› Robinson OMNIBUS (weekend de vacances 3)SOLI
20%
Mitry - Claye -› Robinson OMNIBUS (4)SOME
20%
Mitry - Claye -› Robinson OMNIBUS (weekend de vacances 1)SONO
20%
Mitry - Claye -› Robinson OMNIBUS (2)SORI
20%
Mitry - Claye -› Robinson OMNIBUS (vacs hiver 5)SOSY
20%
Mitry - Claye -› Robinson OMNIBUS (5)SOUS
20%
Aéroport Charles-de-Gaulle 2 -› Robinson OMNIBUS (4)STAR
20%
Gare du Nord -› Aéroport CDG 2 OMNIBUSEEVE
15%
Saint-Rémy -› Aéroport CDG 2 DIRECT Massy-Pal - Antony + Croix de Berny - Bourg-la-Reine + Bourg-la-Reine - Cité Universitaire (vacs hiver 1)EPAR
15%
Saint-Rémy -› Aéroport CDG 2 DIRECT Massy-Pal - Antony + Croix de Berny - Bourg-la-Reine + Bourg-la-Reine - Cité Universitaire (4)EPOI
15%
Saint-Rémy -› Aéroport CDG 2 DIRECT Massy-Pal - Antony + Croix de Berny - Bourg-la-Reine + Bourg-la-Reine - Cité Universitaire (weekend 4)EPOU
15%
Massy - Palaiseau -› Aéroport CDG 2 DIRECT Gare du Nord - Aulnay + Aulnay - Aéroport CDG 1 (weekend 3)ERBE
15%
Massy - Palaiseau -› Aéroport CDG 2 DIRECT Gare du Nord - Aulnay + Aulnay - Aéroport CDG 1 (2)ERIO
15%
Massy - Palaiseau -› Aéroport CDG 2 DIRECT Gare du Nord - Aulnay + Aulnay - Aéroport CDG 1 (vacs été 1)ERRE
15%
Robinson -› Aéroport CDG 2 DIRECT Gare du Nord - Aulnay + Aulnay - Aéroport CDG 1EZIP
15%
Saint-Rémy-lès-Chevreuse -› Mitry - Claye DIRECT Le Guichet - Massy-Pal + Massy-Pal - Antony + Croix de Berny - Bourg-la-Reine (1)IJEL
15%
Robinson -› Mitry - Claye OMNIBUS (weekend 4)ILAR
15%
Robinson -› Mitry - Claye OMNIBUS (weekend 2)ILAS
15%
Robinson -› Mitry - Claye OMNIBUS (vacs hiver 2)ILAV
15%
Robinson -› Mitry - Claye OMNIBUS (1)ILOT
15%
Robinson -› Mitry - Claye OMNIBUS (4)ILOU
15%
Massy - Palaiseau -› Mitry - Claye SANS Fontaine-Michalon (1)IRIS
15%
Aéroport CDG 2 -› Massy-Pal DIRECT CDG1 -› Aulnay + Aulnay -› Gare du Nord (vacs hiver 1)KADO
15%
Aéroport CDG 2 -› Massy-Pal DIRECT CDG1 -› Aulnay + Aulnay -› Gare du Nord (weekend 1)KALE
15%
Aéroport CDG 2 -› Massy-Pal DIRECT CDG1 -› Aulnay + Aulnay -› Gare du Nord (vacs été 1)KARA
15%
La Plaine - Stade de France -› Massy - Palaiseau SAUF Fontaine-Michalon (1)KERN
15%
Aéroport CDG 2 -› Orsay-Ville SAUF Parc de Sceaux et Massy - Verrières (1)LORE
15%
Aéroport CDG 2 -› Saint-Rémy DIRECT Cité U - Bg-la-Reine + Bg-la-Reine - Croix de Berny + Antony - Massy-Pal (weekend 1)PIRE
15%
Aéroport CDG 2 -› Saint-Rémy DIRECT Cité U - Bg-la-Reine + Bg-la-Reine - Croix de Berny + Antony - Massy-Pal (2)PIST
15%
Aéroport CDG 2 -› Saint-Rémy DIRECT CDG 1 - Aulnay + Aulnay - Gare du NordPQUL
15%
Saint-Rémy -› La Plaine - Stade de France DIRECT Massy-Pal - Antony + Croix de Berny - Bourg-la-Reine (2)QLOT
15%
Mitry - Claye -› Robinson OMNIBUS (weekend de vacances 2)SODA
15%
Mitry - Claye -› Robinson OMNIBUS (vacs hiver 1)SOLO
15%
Aéroport Charles-de-Gaulle 2 -› Robinson OMNIBUS (1)STOC
15%
Aéroport CDG 2 -› Laplace OMNIBUSUSER
15%
Saint-Rémy-lès-Chevreuse - Gare du Nord DIRECT Massy-Pal - Antony + Croix de Berny - Bourg-la-Reine + Bourg-la-Reine - Cité Universitaire (1)AIDA
10%
Massy - Palaiseau - Gare du Nord OMNIBUS (2)AURA
10%
Denfert-Rochereau -› Aéroport CDG 2 OMNIBUS (vacs hiver 3)EADO
10%
Denfert-Rochereau -› Aéroport CDG 2 OMNIBUS (weekend de vacances 1)EADU
10%
Denfert-Rochereau -› Aéroport CDG 2 OMNIBUSEAST
10%
Denfert-Rochereau -› Aéroport CDG 2 DIRECT Gare du Nord - Aulnay + Aulnay - Aéroport CDG 1 (vacs été)EDAR
10%
Denfert-Rochereau -› Aéroport CDG 2 DIRECT Gare du Nord - Aulnay + Aulnay - Aéroport CDG 1EDME
10%
Gare du Nord -› Aéroport CDG 2 OMNIBUS (vacs été)EETA
10%
Laplace -› Aéroport CDG 2 OMNIBUS (vacs hiver 1)EGAN
10%
Laplace -› Aéroport CDG 2 OMNIBUS (vacs hiver 2)EGEL
10%
Robinson -› Aéroport Charles de Gaulle 2 OMNIBUS (weekend de vacances 1)ELET
10%
Robinson -› Aéroport Charles de Gaulle 2 OMNIBUS (2)ELFE
10%
Saint-Rémy-lès-Chevreuse -› Aéroport CDG 2 DIRECT Bourg-la-Reine - Cité UniversitaireENNE
10%
Saint-Rémy -› Aéroport CDG 2 DIRECT Massy-Pal - Antony + Croix de Berny - Bourg-la-Reine + Bourg-la-Reine - Cité Universitaire (weekend 3)EPOL
10%
Saint-Rémy -› Aéroport CDG 2 DIRECT Massy-Pal - Antony + Croix de Berny - Bourg-la-Reine + Bourg-la-Reine - Cité Universitaire (vacs hiver 3)EPOR
10%
Massy - Palaiseau -› Aéroport CDG 2 DIRECT Gare du Nord - Aulnay + Aulnay - Aéroport CDG 1 (weekend 1)ERAS
10%
Massy - Palaiseau -› Aéroport CDG 2 DIRECT Gare du Nord - Aulnay + Aulnay - Aéroport CDG 1 (weekend de vacances 3)ERMA
10%
Massy - Palaiseau -› Aéroport CDG 2 DIRECT Gare du Nord - Aulnay + Aulnay - Aéroport CDG 1 (5)ERTE
10%
Massy - Palaiseau -› Aéroport CDG 2 DIRECT Bourg-la-Reine - Cité UniversitaireETOU
10%
Robinson -› Aéroport CDG 2 DIRECT Gare du Nord - Aulnay + Aulnay - Aéroport CDG 1 (weekend de vacances)EZUT
10%
Massy-Pal -› Aulnay DIRECT Bourg-la-Reine - Cité UniversitaireGARD
10%
Saint-Rémy -› Aulnay DIRECT Massy-Pal - Antony + Cr. de Berny - Bourg-la-Reine + Bourg-la-Reine - Cité Universitaire + Gare du Nord - Aulnay (1)GCOT
10%
Saint-Rémy-lès-Chevreuse -› Mitry - Claye DIRECT Bourg-la-Reine - Cité UniversitaireIBEN
10%
Saint-Rémy-lès-Chevreuse -› Mitry - Claye DIRECT Massy-Pal - Antony + Croix de Berny - Bourg-la-Reine + Bourg-la-Reine - Cité Universitaire (vacs hiver 2)ICAL
10%
Saint-Rémy-lès-Chevreuse -› Mitry - Claye DIRECT Massy-Pal - Antony + Croix de Berny - Bourg-la-Reine + Bourg-la-Reine - Cité Universitaire (vacs été 2)ICEL
10%
Saint-Rémy-lès-Chevreuse -› Mitry - Claye DIRECT Massy-Pal - Antony + Croix de Berny - Bourg-la-Reine + Bourg-la-Reine - Cité Universitaire (weekend de vacances)ICOS
10%
Saint-Rémy-lès-Chevreuse -› Mitry - Claye OMNIBUSIDOR
10%
Gare du Nord -› Mitry - Claye OMNIBUSIERE
10%
Robinson -› Mitry - Claye OMNIBUS (weekend de vacances 1)ILEK
10%
Robinson -› Mitry - Claye OMNIBUS (weekend de vacances 2)ILIT
10%
Robinson -› Mitry - Claye OMNIBUS (vacs été 4)ILLE
10%
Robinson -› Mitry - Claye OMNIBUS (weekend de vacances 3)ILRI
10%
Robinson -› Mitry - Claye OMNIBUS (5)ILTA
10%
Massy - Palaiseau -› Mitry - Claye OMNIBUS (vacs été 2)INIT
10%
Denfert-Rochereau -› Mitry - Claye OMNIBUS (weekend de vacances)IPOI
10%
Massy - Palaiseau -› Mitry - Claye SANS Fontaine-Michalon (vacs hiver 1)IRNA
10%
Saint-Rémy-lès-Chevreuse -› Mitry - Claye DIRECT Massy-Pal - Antony + Croix de Berny - Bourg-la-ReineISOL
10%
Aéroport -› Denfert - Rochereau DIRECT CDG 1 - Aulnay + Aulnay - Gare du Nord (vacs hiver)JABO
10%
Aéroport -› Denfert - Rochereau DIRECT CDG 1 - Aulnay + Aulnay - Gare du Nord (vacs été)JADA
10%
Aéroport -› Denfert - Rochereau DIRECT CDG 1 - Aulnay + Aulnay - Gare du NordJANO
10%
Mitry - Claye -› Denfert - Rochereau OMNIBUS (interruption trafic aux Bâconnets)JOLE
10%
Aéroport CDG 2 -› Massy-Pal DIRECT CDG1 -› Aulnay + Aulnay -› Gare du Nord (weekend 5)KABE
10%
Aéroport CDG 2 -› Massy-Pal DIRECT CDG1 -› Aulnay + Aulnay -› Gare du Nord (vacs hiver 3)KALO
10%
Aéroport CDG 2 -› Massy-Pal DIRECT CDG1 -› Aulnay + Aulnay -› Gare du Nord (weekend vacs 1)KAPA
10%
Aéroport CDG 2 -› Massy-Pal DIRECT CDG1 -› Aulnay + Aulnay -› Gare du Nord (weekend 2)KAPE
10%
Aéroport CDG 2 -› Massy-Pal DIRECT CDG1 -› Aulnay + Aulnay -› Gare du Nord (vacs été 4)KAPO
10%
Aéroport CDG 2 -› Massy-Pal DIRECT CDG1 -› Aulnay + Aulnay -› Gare du Nord (4)KASE
10%
Aéroport CDG 2 -› Massy-Pal DIRECT CDG1 -› Aulnay + Aulnay -› Gare du Nord (vacs été 3)KASO
10%
Aéroport CDG 2 -› Massy-Pal DIRECT CDG1 -› Aulnay + Aulnay -› Gare du Nord (vacs été 2)KATE
10%
La Plaine - Stade de France -› Massy - Palaiseau SAUF Fontaine-Michalon (vacs hiver 1)KEPI
10%
Mitry - Claye -› Massy-Pal OMNIBUS (1)KFAR
10%
Mitry - Claye -› Massy-Pal OMNIBUS (3)KFTE
10%
Mitry - Claye -› Massy-Pal DIRECT Mitry - Aulnay + Aulnay - Gare du Nord (1)KHAN
10%
Mitry - Claye -› Massy-Pal DIRECT Mitry - Aulnay + Aulnay - Gare du Nord (2)KHOL
10%
Aéroport CDG 2 -› Massy-Pal DIRECT Cité Universitaire - Bourg-la-ReineKISS
10%
Mitry - Claye -› Massy-Pal SAUF Fontaine-Michalon (2)KLAC
10%
Aéroport CDG 2 -› Orsay-Ville SAUF Parc de Sceaux et Massy - Verrières (vacs hiver 3)LOUV
10%
Mitry - Claye -› Saint-Rémy DIRECT Bg-la-Reine - Croix de Berny + Antony - Massy-Pal + Massy-Pal -› Le Guichet (1)PAUL
10%
Aéroport CDG 2 -› Saint-Rémy DIRECT CDG 1 - Aulnay + Aulnay - Gare du Nord + Cité U - Bg-la-Reine + Bg-la-Reine - Croix de Berny + Antony - Massy-Pal (vacs hiver)PERE
10%
Aéroport CDG 2 -› Saint-Rémy DIRECT CDG 1 - Aulnay + Aulnay - Gare du Nord + Cité U - Bg-la-Reine + Bg-la-Reine - Croix de Berny + Antony - Massy-Pal (weekend vacs 1)PEVE
10%
Mitry - Claye -› Saint-Rémy DIRECT Bg-la-Reine - Croix de Berny + Antony - Massy-Pal + PALAISEAU -› Le Guichet (1)PGAZ
10%
Aéroport CDG 2 -› Saint-Rémy DIRECT Cité U - Bg-la-Reine + Bg-la-Reine - Croix de Berny + Antony - Massy-Pal (weekend vacs 4)PIGE
10%
Aéroport CDG 2 -› Saint-Rémy DIRECT Cité U - Bg-la-Reine + Bg-la-Reine - Croix de Berny + Antony - Massy-Pal (vacs hiver 4)PINO
10%
Aéroport CDG 2 -› Saint-Rémy DIRECT Cité U - Bg-la-Reine + Bg-la-Reine - Croix de Berny + Antony - Massy-Pal (weekend 3)PINS
10%
Aéroport CDG 2 -› Saint-Rémy DIRECT Cité U - Bg-la-Reine + Bg-la-Reine - Croix de Berny + Antony - Massy-Pal (vacs hiver 3)PIPA
10%
Aéroport CDG 2 -› Saint-Rémy DIRECT Cité U - Bg-la-Reine + Bg-la-Reine - Croix de Berny + Antony - Massy-Pal (weekend 2)PISE
10%
Mitry - Claye -› Saint-Rémy DIRECT Cité U - Bg-la-Reine + Bg-la-Reine - Croix de Berny + Antony - Massy-Pal (2)PLAC
10%
Mitry - Claye -› Saint-Rémy DIRECT Cité U - Bg-la-Reine + Bg-la-Reine - Croix de Berny + Antony - Massy-Pal (1)PLIC
10%
Mitry - Claye -› Saint-Rémy DIRECT Cité U - Bg-la-Reine + Bg-la-Reine - Croix de Berny + Antony - Massy-Pal (weekend vacs 1)PLOT
10%
Mitry - Claye -› Saint-Rémy DIRECT Cité U - Bg-la-Reine + Bg-la-Reine - Croix de Berny + Antony - Massy-Pal (vacs été 2)PLOZ
10%
Mitry - Claye -› Saint-Rémy DIRECT CDG 1 - Aulnay + Aulnay - Gare du Nord + Cité U - Bg-la-Reine + Bg-la-Reine - Croix de Berny + Antony - Massy-Pal (weekend vacs)PMAR
10%
Aéroport CDG 2 -› Saint-Rémy-lès-Chevreuse OMNIBUSPUMA
10%
Robinson -› La Plaine - Stade de France OMNIBUSQADO
10%
Aulnay -› Robinson OMNIBUS (weekend)SAXO
10%
Mitry - Claye -› Robinson OMNIBUS (vacs été 4)SOCA
10%
Mitry - Claye -› Robinson OMNIBUS (vacs hiver 3)SOFA
10%
Mitry - Claye -› Robinson OMNIBUS (vacs été 2)SOFI
10%
Mitry - Claye -› Robinson OMNIBUS (vacs hiver 2)SOIE
10%
Mitry - Claye -› Robinson OMNIBUS (vacs été 3)SOIN
10%
Mitry - Claye -› Robinson OMNIBUS (vacs hiver 4)SOKA
10%
Mitry - Claye -› Robinson OMNIBUS (weekend de vacances 4)SOTO
10%
Mitry - Claye -› Robinson OMNIBUS (weekend 2)SOUR
10%
Aéroport Charles-de-Gaulle 2 -› Robinson OMNIBUS (vacs hiver 2)STAZ
10%
Aéroport Charles-de-Gaulle 2 -› Robinson OMNIBUS (vacs été 1)STEL
10%
Aéroport Charles-de-Gaulle 2 -› Robinson OMNIBUS (2)STIN
10%
Mitry - Claye -› Robinson DIRECT Mitry - Gare du Nord (seulement les weekends de vacances)SVEN
10%
Aéroport CDG 2 -› Laplace DIRECT CDG1 - Aulnay + Aulnay - Gare du NordULMS
10%
Mitry - Claye -› Laplace OMNIBUS (vacs hiver 2)UPOI
10%
Saint-Rémy-lès-Chevreuse - Gare du Nord DIRECT Bourg-la-Reine - Cité UniversitaireABEL
5%
Saint-Rémy-lès-Chevreuse - Gare du Nord DIRECT Massy-Pal - Antony + Croix de Berny - Bourg-la-Reine + Bourg-la-Reine - Cité Universitaire (2)AISY
5%
Massy - Palaiseau - Gare du Nord DIRECT Bourg-la-Reine - Cité UniversitaireAJAC
5%
Robinson - Gare du Nord OMNIBUS (1)AMOR
5%
Robinson - Gare du Nord OMNIBUS (2)AMOS
5%
Massy - Palaiseau - Gare du Nord OMNIBUS (1)AUDE
5%
Denfert-Rochereau -› Aéroport CDG 2 OMNIBUS (vacs été 1)EABU
5%
Denfert-Rochereau -› Aéroport CDG 2 OMNIBUS (vacs hiver 4)EACE
5%
Denfert-Rochereau -› Aéroport CDG 2 OMNIBUS (vacs hiver 2)EAGE
5%
Denfert-Rochereau -› Aéroport CDG 2 OMNIBUS (vacs été 2)EASI
5%
Denfert-Rochereau -› Aéroport CDG 2 OMNIBUS (vacs hiver 1)EATU
5%
Denfert-Rochereau -› Aéroport CDG 2 OMNIBUS (weekend de vacances 2)EAZO
5%
Massy - Palaiseau -› Aéroport Charles de Gaulle 2 OMNIBUS (vacs été 3)ECAD
5%
Massy - Palaiseau -› Aéroport Charles de Gaulle 2 OMNIBUS (2)ECCI
5%
Massy - Palaiseau -› Aéroport Charles de Gaulle 2 OMNIBUS (1)ECCO
5%
Massy - Palaiseau -› Aéroport Charles de Gaulle 2 OMNIBUS (vacs hiver 1)ECER
5%
Massy - Palaiseau -› Aéroport Charles de Gaulle 2 OMNIBUS (vacs été 2)ECIL
5%
Massy - Palaiseau -› Aéroport Charles de Gaulle 2 OMNIBUS (vacs été 1)ECRU
5%
Denfert-Rochereau -› Aéroport CDG 2 DIRECT Gare du Nord - Aulnay + Aulnay - Aéroport CDG 1 (weekend de vacances)EDDY
5%
Gare du Nord -› Aéroport CDG 2 OMNIBUS (weekend de vacances)EELA
5%
Orsay-Ville -› Aéroport CDG 2 DIRECT Gare du Nord - Aulnay + Aulnay - Aéroport CDG 1EFOR
5%
Aulnay-sous-Bois -› Aéroport CDG 2 OMNIBUS (coupures travaux CDG express - 2)EGOC
5%
Aulnay-sous-Bois -› Aéroport CDG 2 OMNIBUS (coupures travaux CDG express - 1)EGON
5%
Laplace -› Aéroport CDG 2 OMNIBUSEGRE
5%
Saint-Rémy-lès-Chevreuse -› Aéroport CDG 2 DIRECT Massy-Pal - Antony + Cr. de Berny - Bourg-la-Reine + Bourg-la-Reine - Cité U + Gare du Nord - Aéroport CDG 1 (weekend)EJRE
5%
Saint-Rémy-lès-Chevreuse -› Aéroport CDG 2 DIRECT Massy-Pal - Antony + Cr. de Berny - Bourg-la-Reine + Bourg-la-Reine - Cité U + Gare du Nord - Aéroport CDG 1 (weekend de vacances)EJTO
5%
Saint-Rémy-lès-Chevreuse -› Aéroport CDG 2 DIRECT Massy-Pal - Antony + Cr. de Berny - Bourg-la-Reine + Bourg-la-Reine - Cité U + Gare du Nord - Aéroport CDG 1 (vacs hiv.) - ATTENTION, 2ème LETTRE DIFFÉRENTEEKLO
5%
Robinson -› Aéroport Charles de Gaulle 2 OMNIBUS (vacs été 2)ELBE
5%
Robinson -› Aéroport Charles de Gaulle 2 OMNIBUS (vacs hiver 3)ELIK
5%
Robinson -› Aéroport Charles de Gaulle 2 OMNIBUS (weekend de vacances 2)ELIR
5%
Robinson -› Aéroport Charles de Gaulle 2 OMNIBUS (vacs hiver 1)ELMA
5%
Robinson -› Aéroport Charles de Gaulle 2 OMNIBUS (vacs été 1)ELOT
5%
Robinson -› Aéroport Charles de Gaulle 2 OMNIBUS (vacs hiver 2)ELSO
5%
Orsay-Ville -› Aéroport CDG 2 SANS Massy-Verrières, Parc de Sceaux (vacs hiver 2)EMAL
5%
Orsay-Ville -› Aéroport CDG 2 SANS Massy-Verrières, Parc de Sceaux (vacs hiver 1)EMEC
5%
Saint-Rémy-lès-Chevreuse -› Aéroport CDG 2 DIRECT Bourg-la-Reine - Cité Universitaire (vacs hiv.)ENIR
5%
Saint-Rémy -› Aéroport CDG 2 DIRECT Massy-Pal - Antony + Croix de Berny - Bourg-la-Reine + Bourg-la-Reine - Cité Universitaire (weekend 2)EPEE
5%
Saint-Rémy -› Aéroport CDG 2 DIRECT Massy-Pal - Antony + Croix de Berny - Bourg-la-Reine + Bourg-la-Reine - Cité Universitaire (vacs été 1)EPEX
5%
Saint-Rémy -› Aéroport CDG 2 DIRECT Massy-Pal - Antony + Croix de Berny - Bourg-la-Reine + Bourg-la-Reine - Cité Universitaire (vacs hiver 2)EPIR
5%
Saint-Rémy -› Aéroport CDG 2 DIRECT Massy-Pal - Antony + Croix de Berny - Bourg-la-Reine + Bourg-la-Reine - Cité Universitaire (vacs été 2)EPIZ
5%
Saint-Rémy -› Aéroport CDG 2 DIRECT Massy-Pal - Antony + Croix de Berny - Bourg-la-Reine + Bourg-la-Reine - Cité Universitaire (5)EPLA
5%
Saint-Rémy -› Aéroport CDG 2 DIRECT Massy-Pal - Antony + Croix de Berny - Bourg-la-Reine + Bourg-la-Reine - Cité Universitaire (weekend de vacances 2)EPOC
5%
Saint-Rémy -› Aéroport CDG 2 DIRECT Massy-Pal - Antony + Croix de Berny - Bourg-la-Reine + Bourg-la-Reine - Cité Universitaire (weekend de vacances 1)EPON
5%
Saint-Rémy -› Aéroport CDG 2 DIRECT Massy-Pal - Antony + Croix de Berny - Bourg-la-Reine + Bourg-la-Reine - Cité Universitaire (vacs été 3)EPOT
5%
Saint-Rémy -› Aéroport CDG 2 DIRECT Massy-Pal - Antony + Croix de Berny - Bourg-la-Reine + Bourg-la-Reine - Cité Universitaire (weekend de vacances 4)EPOZ
5%
Saint-Rémy -› Aéroport CDG 2 DIRECT Massy-Pal - Antony + Croix de Berny - Bourg-la-Reine + Bourg-la-Reine - Cité Universitaire (vacs été 4)EPUN
5%
Massy - Palaiseau -› Aéroport CDG 2 DIRECT Gare du Nord - Aulnay + Aulnay - Aéroport CDG 1 (weekend de vacances 4)ERAI
5%
Massy - Palaiseau -› Aéroport CDG 2 DIRECT Gare du Nord - Aulnay + Aulnay - Aéroport CDG 1 (vacs été 3)ERAK
5%
Massy - Palaiseau -› Aéroport CDG 2 DIRECT Gare du Nord - Aulnay + Aulnay - Aéroport CDG 1 (weekend de vacances 2)ERDI
5%
Massy - Palaiseau -› Aéroport CDG 2 DIRECT Gare du Nord - Aulnay + Aulnay - Aéroport CDG 1 (vacs été 2)ERET
5%
Massy - Palaiseau -› Aéroport CDG 2 DIRECT Gare du Nord - Aulnay + Aulnay - Aéroport CDG 1 (vacs hiver 1)ERIF
5%
Massy - Palaiseau -› Aéroport CDG 2 DIRECT Gare du Nord - Aulnay + Aulnay - Aéroport CDG 1 (4)EROC
5%
Massy - Palaiseau -› Aéroport CDG 2 DIRECT Gare du Nord - Aulnay + Aulnay - Aéroport CDG 1 (vacs hiver 2)EROT
5%
Massy - Palaiseau -› Aéroport CDG 2 DIRECT Gare du Nord - Aulnay + Aulnay - Aéroport CDG 1 (3)ERSE
5%
Massy - Palaiseau -› Aéroport CDG 2 DIRECT Gare du Nord - Aulnay + Aulnay - Aéroport CDG 1 (weekend de vacances 1)ERUI
5%
Massy - Palaiseau -› Aéroport CDG 2 DIRECT Gare du Nord - Aulnay + Aulnay - Aéroport CDG 1 (weekend 2)ERUK
5%
Massy - Palaiseau -› Aéroport CDG 2 DIRECT Gare du Nord - Aulnay + Aulnay - Aéroport CDG 1 (vacs été 4)ERUP
5%
Robinson -› Aéroport CDG 2 DIRECT Gare du Nord - Aulnay + Aulnay - Aéroport CDG 1 (vacances)EZOS
5%
Saint-Rémy -› Aulnay DIRECT Massy-Pal - Antony + Cr. de Berny - Bourg-la-Reine + Bourg-la-Reine - Cité Universitaire + Gare du Nord - Aulnay (2)GCOU
5%
Saint-Rémy -› Aulnay DIRECT Massy-Pal - Antony + Cr. de Berny - Bourg-la-Reine + Bourg-la-Reine - Cité Universitaire + Gare du Nord - Aulnay (3)GCRU
5%
Saint-Rémy -› Aulnay DIRECT Bourg-la-Reine - Cité Universitaire (1)GOAL
5%
Mitry - Claye -› Aulnay OMNIBUS (coupures travaux CDG express - 2)GOLI
5%
Saint-Rémy-lès-Chevreuse -› Mitry - Claye DIRECT Bourg-la-Reine - Cité Universitaire (weekend de vacances)IBAX
5%
Saint-Rémy-lès-Chevreuse -› Mitry - Claye DIRECT Bourg-la-Reine - Cité Universitaire (vacs hiver)IBEM
5%
Saint-Rémy-lès-Chevreuse -› Mitry - Claye DIRECT Bourg-la-Reine - Cité Universitaire (vacs été)IBOF
5%
Saint-Rémy-lès-Chevreuse -› Mitry - Claye DIRECT Massy-Pal - Antony + Croix de Berny - Bourg-la-Reine + Bourg-la-Reine - Cité Universitaire (vacs hiver 1)ICCI
5%
Saint-Rémy-lès-Chevreuse -› Mitry - Claye DIRECT Massy-Pal - Antony + Croix de Berny - Bourg-la-Reine + Bourg-la-Reine - Cité Universitaire (vacs été 1)ICLI
5%
Saint-Rémy-lès-Chevreuse -› Mitry - Claye DIRECT Massy-Pal - Antony + Croix de Berny - Bourg-la-Reine + Bourg-la-Reine - Cité Universitaire (2)ICOR
5%
Saint-Rémy-lès-Chevreuse -› Mitry - Claye DIRECT Massy-Pal - Antony + Croix de Berny - Bourg-la-Reine + Bourg-la-Reine - Cité Universitaire (vacs été 3)ICRA
5%
Saint-Rémy-lès-Chevreuse -› Mitry - Claye DIRECT Le Guichet - Massy-Pal + Massy-Pal - Antony + Croix de Berny - Bourg-la-Reine (vacs hiver 1)IJAP
5%
Saint-Rémy-lès-Chevreuse -› Mitry - Claye DIRECT Le Guichet - Massy-Pal + Massy-Pal - Antony + Croix de Berny - Bourg-la-Reine (vacs hiver 2)IJOU
5%
Robinson -› Mitry - Claye OMNIBUS (vacs hiver 4)ILER
5%
Robinson -› Mitry - Claye OMNIBUS (vacs hiver 1)ILIC
5%
Robinson -› Mitry - Claye OMNIBUS (vacs été 2)ILIP
5%
Robinson -› Mitry - Claye OMNIBUS (weekend de vacances 4)ILOG
5%
Robinson -› Mitry - Claye OMNIBUS (weekend 3)ILON
5%
Robinson -› Mitry - Claye OMNIBUS (vacs été 3)ILOZ
5%
Robinson -› Mitry - Claye OMNIBUS (weekend 1)ILUK
5%
Robinson -› Mitry - Claye OMNIBUS (vacs été 1)ILXA
5%
Massy - Palaiseau -› Mitry - Claye OMNIBUS (vacs hiver 3)INAS
5%
Massy - Palaiseau -› Mitry - Claye OMNIBUS (1)INCA
5%
Massy - Palaiseau -› Mitry - Claye OMNIBUS (weekend de vacances 3)INEG
5%
Massy - Palaiseau -› Mitry - Claye OMNIBUS (vacs été 3)INER
5%
Massy - Palaiseau -› Mitry - Claye OMNIBUS (vacs hiver 4)INES
5%
Massy - Palaiseau -› Mitry - Claye OMNIBUS (weekend de vacances 2)INET
5%
Massy - Palaiseau -› Mitry - Claye OMNIBUS (vacs hiver 1)INIL
5%
Massy - Palaiseau -› Mitry - Claye OMNIBUS (2)INKE
5%
Massy - Palaiseau -› Mitry - Claye OMNIBUS (weekend de vacances 1)INNO
5%
Massy - Palaiseau -› Mitry - Claye OMNIBUS (vacs été 1)INOL
5%
Denfert-Rochereau -› Mitry - Claye OMNIBUS (vacs hiver)IPEL
5%
Denfert-Rochereau -› Mitry - Claye OMNIBUS (weekend)IPRE
5%
Massy - Palaiseau -› Mitry - Claye SANS Fontaine-Michalon (vacs hiver 3)IRAS
5%
Massy - Palaiseau -› Mitry - Claye SANS Fontaine-Michalon (vacs hiver 2)IRES
5%
Massy - Palaiseau -› Mitry - Claye SANS Fontaine-Michalon (3)IRON
5%
Massy - Palaiseau -› Mitry - Claye SANS Fontaine-Michalon (2)IRUS
5%
Aéroport -› Denfert - Rochereau DIRECT CDG 1 - Aulnay + Aulnay - Gare du Nord (weekend vacs 2)JALU
5%
Aéroport -› Denfert - Rochereau DIRECT CDG 1 - Aulnay + Aulnay - Gare du Nord (weekend vacs 1)JASO
5%
Mitry - Claye -› Denfert - Rochereau DIRECT Mitry-Claye - Aulnay + Aulnay - Gare du Nord (interruption trafic aux Bâconnets)JBET
5%
Aéroport -› Denfert - Rochereau OMNIBUS (vacs hiver 1)JEKI
5%
Aéroport -› Denfert - Rochereau OMNIBUS (weekend vacs 1)JENO
5%
Aéroport -› Denfert - Rochereau OMNIBUS (vacs hiver 2)JERO
5%
Mitry - Claye -› Denfert - Rochereau OMNIBUS (vacances hiver 1)JOLO
5%
Mitry - Claye -› Denfert - Rochereau OMNIBUS (weekend vacs - interr. trafic Bâconnets)JOLU
5%
Mitry - Claye -› Denfert - Rochereau OMNIBUS (weekend)JOUL
5%
Mitry - Claye -› Denfert - Rochereau OMNIBUS (vacances hiver 2)JOVA
5%
Mitry - Claye -› Denfert - Rochereau DIRECT Mitry-Claye - Gare du Nord (seulement weekend vacs)JULE
5%
Aéroport CDG 2 -› Massy-Pal DIRECT CDG1 -› Aulnay + Aulnay -› Gare du Nord (weekend vacs 2)KAFE
5%
Aéroport CDG 2 -› Massy-Pal DIRECT CDG1 -› Aulnay + Aulnay -› Gare du Nord (vacs hiver 2)KANA
5%
Aéroport CDG 2 -› Massy-Pal DIRECT CDG1 -› Aulnay + Aulnay -› Gare du Nord (weekend 3)KART
5%
Gare du Nord -› Massy-Pal DIRECT Cité Universitaire - Bourg-la-ReineKBAN
5%
La Plaine - Stade de France -› Massy - Palaiseau SAUF Fontaine-Michalon (2)KENT
5%
La Plaine - Stade de France -› Massy - Palaiseau SAUF Fontaine-Michalon (vacs hiver 2)KEUM
5%
Mitry - Claye -› Massy-Pal OMNIBUS (weekend vacs 2)KFAI
5%
Mitry - Claye -› Massy-Pal OMNIBUS (weekend vacs 1)KFAL
5%
Mitry - Claye -› Massy-Pal OMNIBUS (vacs hiver 3)KFAT
5%
Mitry - Claye -› Massy-Pal OMNIBUS (vacs hiver 1)KFAU
5%
Mitry - Claye -› Massy-Pal OMNIBUS (vacs hiver 2)KFAV
5%
Mitry - Claye -› Massy-Pal OMNIBUS (weekend vacs 3)KFEL
5%
Mitry - Claye -› Massy-Pal OMNIBUS (2)KFON
5%
Mitry - Claye -› Massy-Pal SAUF Fontaine-Michalon (1)KLEE
5%
Mitry - Claye -› Massy-Pal SAUF Fontaine-Michalon (vacs hiver 2)KLOP
5%
Mitry - Claye -› Massy-Pal SAUF Fontaine-Michalon (vacs hiver 1)KLOR
5%
Aéroport CDG 2 -› Massy-Pal OMNIBUS (1)KOCQ
5%
Aéroport CDG 2 -› Massy-Pal OMNIBUS (weekend de vacances 1)KODA
5%
Aéroport CDG 2 -› Massy-Pal OMNIBUS (vacs été 1)KOGO
5%
Aéroport CDG 2 -› Massy-Pal OMNIBUS (vacs été 2)KOIL
5%
Aéroport CDG 2 -› Massy-Pal OMNIBUS (vacs hiver 1)KOKO
5%
Aéroport CDG 2 -› Massy-Pal OMNIBUS (weekend de vacances 3)KOME
5%
Aéroport CDG 2 -› Massy-Pal OMNIBUS (weekend de vacances 2)KONI
5%
Aéroport CDG 2 -› Massy-Pal OMNIBUS (vacs hiver 3)KOVI
5%
Aéroport CDG 2 -› Massy-Pal OMNIBUS (vacs hiver 2)KOXI
5%
Aéroport CDG 2 -› Orsay-Ville SAUF Parc de Sceaux et Massy - Verrières (vacs hiver 1)LOGO
5%
Aéroport CDG 2 -› Orsay-Ville SAUF Parc de Sceaux et Massy - Verrières (vacs hiver 2)LOTO
5%
Mitry - Claye -› Saint-Rémy DIRECT Bg-la-Reine - Croix de Berny + Antony - Massy-Pal + Massy-Pal -› Le Guichet (2)PAGE
5%
Mitry - Claye -› Saint-Rémy DIRECT Bg-la-Reine - Croix de Berny + Antony - Massy-Pal + Massy-Pal -› Le Guichet (vacs hiver)PARI
5%
Aéroport CDG 2 -› Saint-Rémy DIRECT CDG 1 - Aulnay + Aulnay - Gare du Nord + Cité U - Bg-la-Reine + Bg-la-Reine - Croix de Berny + Antony - Massy-Pal (vacs été)PERO
5%
Aéroport CDG 2 -› Saint-Rémy DIRECT CDG 1 - Aulnay + Aulnay - Gare du Nord + Cité U - Bg-la-Reine + Bg-la-Reine - Croix de Berny + Antony - Massy-Pal (weekend vacs 2)PESA
5%
Mitry - Claye -› Saint-Rémy DIRECT Bg-la-Reine - Croix de Berny + Antony - Massy-Pal + PALAISEAU -› Le Guichet (vacs hiver 1)PGNE
5%
Mitry - Claye -› Saint-Rémy DIRECT Bg-la-Reine - Croix de Berny + Antony - Massy-Pal + PALAISEAU -› Le Guichet (vacs hiver 2)PGRE
5%
Mitry - Claye -› Saint-Rémy DIRECT Bg-la-Reine - Croix de Berny + Antony - Massy-Pal + PALAISEAU -› Le Guichet (2)PGUY
5%
Aéroport CDG 2 -› Saint-Rémy DIRECT Cité U - Bg-la-Reine + Bg-la-Reine - Croix de Berny + Antony - Massy-Pal (weekend vacs 1)PIDO
5%
Aéroport CDG 2 -› Saint-Rémy DIRECT Cité U - Bg-la-Reine + Bg-la-Reine - Croix de Berny + Antony - Massy-Pal (5)PIED
5%
Aéroport CDG 2 -› Saint-Rémy DIRECT Cité U - Bg-la-Reine + Bg-la-Reine - Croix de Berny + Antony - Massy-Pal (weekend vacs 3)PIFE
5%
Aéroport CDG 2 -› Saint-Rémy DIRECT Cité U - Bg-la-Reine + Bg-la-Reine - Croix de Berny + Antony - Massy-Pal (weekend vacs 2)PIKI
5%
Aéroport CDG 2 -› Saint-Rémy DIRECT Cité U - Bg-la-Reine + Bg-la-Reine - Croix de Berny + Antony - Massy-Pal (vacs hiver 1)PILA
5%
Aéroport CDG 2 -› Saint-Rémy DIRECT Cité U - Bg-la-Reine + Bg-la-Reine - Croix de Berny + Antony - Massy-Pal (4)PILE
5%
Aéroport CDG 2 -› Saint-Rémy DIRECT Cité U - Bg-la-Reine + Bg-la-Reine - Croix de Berny + Antony - Massy-Pal (vacs hiver 5)PILO
5%
Aéroport CDG 2 -› Saint-Rémy DIRECT Cité U - Bg-la-Reine + Bg-la-Reine - Croix de Berny + Antony - Massy-Pal (vacs été 1)PIMA
5%
Aéroport CDG 2 -› Saint-Rémy DIRECT Cité U - Bg-la-Reine + Bg-la-Reine - Croix de Berny + Antony - Massy-Pal (3)PINA
5%
Aéroport CDG 2 -› Saint-Rémy DIRECT Cité U - Bg-la-Reine + Bg-la-Reine - Croix de Berny + Antony - Massy-Pal (weekend 5)PIPO
5%
Aéroport CDG 2 -› Saint-Rémy DIRECT Cité U - Bg-la-Reine + Bg-la-Reine - Croix de Berny + Antony - Massy-Pal (vacs été 3)PIRI
5%
Aéroport CDG 2 -› Saint-Rémy DIRECT Cité U - Bg-la-Reine + Bg-la-Reine - Croix de Berny + Antony - Massy-Pal (vacs hiver 2)PITO
5%
Aéroport CDG 2 -› Saint-Rémy DIRECT Cité U - Bg-la-Reine + Bg-la-Reine - Croix de Berny + Antony - Massy-Pal (vacs été 2)PIZU
5%
Mitry - Claye -› Saint-Rémy DIRECT Cité U - Bg-la-Reine + Bg-la-Reine - Croix de Berny + Antony - Massy-Pal (weekend vacs 2)PLAT
5%
Mitry - Claye -› Saint-Rémy DIRECT Cité U - Bg-la-Reine + Bg-la-Reine - Croix de Berny + Antony - Massy-Pal (vacs hiver 2)PLER
5%
Mitry - Claye -› Saint-Rémy DIRECT Cité U - Bg-la-Reine + Bg-la-Reine - Croix de Berny + Antony - Massy-Pal (weekend vacs 3)PLEX
5%
Mitry - Claye -› Saint-Rémy DIRECT Cité U - Bg-la-Reine + Bg-la-Reine - Croix de Berny + Antony - Massy-Pal (vacs hiver 3)PLIM
5%
Mitry - Claye -› Saint-Rémy DIRECT Cité U - Bg-la-Reine + Bg-la-Reine - Croix de Berny + Antony - Massy-Pal (vacs hiver 1)PLIT
5%
Mitry - Claye -› Saint-Rémy DIRECT Cité U - Bg-la-Reine + Bg-la-Reine - Croix de Berny + Antony - Massy-Pal (vacs été 1)PLOK
5%
Mitry - Claye -› Saint-Rémy DIRECT Cité U - Bg-la-Reine + Bg-la-Reine - Croix de Berny + Antony - Massy-Pal (weekend)PLOM
5%
Mitry - Claye -› Saint-Rémy DIRECT Cité U - Bg-la-Reine + Bg-la-Reine - Croix de Berny + Antony - Massy-Pal (vacs été 3)PLUT
5%
Aéroport CDG 2 -› Saint-Rémy-lès-Chevreuse DIRECT Cité Universitaire - Bourg-la-ReinePOIN
5%
Mitry - Claye -› Saint-Rémy DIRECT Bg-la-Reine - Croix de Berny + Antony - Massy-PalPPIT
5%
Aulnay -› Saint-Rémy DIRECT Cité U - Bourg-la-Reine + Bourg-la-Reine - Croix de Berny + Antony - Massy-PalPROC
5%
Saint-Rémy -› La Plaine - Stade de France DIRECT Massy-Pal - Antony + Croix de Berny - Bourg-la-Reine (vacs hiver 1)QLAK
5%
Saint-Rémy -› La Plaine - Stade de France DIRECT Massy-Pal - Antony + Croix de Berny - Bourg-la-Reine (1)QLIK
5%
Saint-Rémy -› La Plaine - Stade de France DIRECT Massy-Pal - Antony + Croix de Berny - Bourg-la-Reine (vacs hiver 2)QLIR
5%
Aéroport Charles-de-Gaulle 2 -› Robinson DIRECT Aéroport CDG1 -› Gare du Nord (vacs hiver 1)SECI
5%
Aéroport Charles-de-Gaulle 2 -› Robinson DIRECT Aéroport CDG1 -› Gare du Nord (vacs hiver 2)SECO
5%
Aéroport Charles-de-Gaulle 2 -› Robinson DIRECT Aéroport CDG1 -› Gare du Nord (interruptions)SEKI
5%
Aéroport Charles-de-Gaulle 2 -› Robinson DIRECT Aéroport CDG1 -› Gare du Nord (weekend vacs 1)SEPA
5%
Aéroport Charles-de-Gaulle 2 -› Robinson DIRECT Aéroport CDG1 -› Gare du Nord (weekend vacs 2)SETU
5%
Mitry - Claye -› Robinson OMNIBUS (vacs été 1)SOCE
5%
Mitry - Claye -› Robinson OMNIBUS (weekend 1)SORT
5%
Aéroport Charles-de-Gaulle 2 -› Robinson OMNIBUS (vacs hiver 3)STEQ
5%
Aéroport Charles-de-Gaulle 2 -› Robinson OMNIBUS (vacs été 3)STER
5%
Aéroport Charles-de-Gaulle 2 -› Robinson OMNIBUS (weekend de vacances 3)STET
5%
Aéroport Charles-de-Gaulle 2 -› Robinson OMNIBUS (vacs hiver 1)STOB
5%
Aéroport Charles-de-Gaulle 2 -› Robinson OMNIBUS (vacs été 2)STOL
5%
Aéroport Charles-de-Gaulle 2 -› Robinson OMNIBUS (weekend de vacances 1)STOS
5%
Aéroport Charles-de-Gaulle 2 -› Robinson OMNIBUS (3)STRI
5%
Aéroport Charles-de-Gaulle 2 -› Robinson OMNIBUS (weekend de vacances 2)STUK
5%
Mitry - Claye -› Laplace OMNIBUS (vacs été)UPEL
5%
Mitry - Claye -› Laplace OMNIBUS (vacs hiver 1)UPON
5%
Aéroport CDG 2 -› Laplace OMNIBUS (vacs été)USAR
5%
Denfert-Rochereau -› Aéroport CDG 2 DIRECT Gare du Nord - Aulnay + Aulnay - Aéroport CDG 1 (vacs hiver)EDOI
0%
Gare du Nord -› Aéroport CDG 2 OMNIBUS (vacs hiver)EEDU
0%
Saint-Rémy-lès-Chevreuse -› Aéroport CDG 2 DIRECT Massy-Pal - Antony + Cr. de Berny - Bourg-la-Reine (existe seulement pendant les vacs d'hiver)EHOP
0%
Saint-Rémy -› Aulnay DIRECT Bourg-la-Reine - Cité Universitaire (2)GOLA
0%
Mitry - Claye -› Aulnay OMNIBUS (coupures travaux CDG express - 1)GONO
0%
Denfert-Rochereau -› Mitry - Claye OMNIBUS - ATTENTION, 2ème LETTRE DIFFÉRENTEIALE
0%
Aulnay-sous-Bois -› Mitry - Claye OMNIBUS (coupures travaux CDG express - 1)IGEK
0%
Aulnay-sous-Bois -› Mitry - Claye OMNIBUS (coupures travaux CDG express - 2)IGIT
0%
Massy - Palaiseau -› Mitry - Claye OMNIBUS (vacs hiver 2)INOI
0%
Aéroport -› Denfert - Rochereau OMNIBUS (interruption trafic aux Bâconnets)JELU
0%
Aéroport -› Denfert - Rochereau OMNIBUS (weekend vacs 2)JEPI
0%
Mitry - Claye -› Denfert - Rochereau OMNIBUS (weekend vacs normal)JONI
0%
La Plaine - Stade de France -› Massy - Palaiseau SAUF Fontaine-Michalon (vacs été 1)KENO
0%
La Plaine - Stade de France -› Massy - Palaiseau SAUF Fontaine-Michalon (vacs été 2)KEVA
0%
Mitry - Claye -› Massy-Pal OMNIBUS (vacs hiver 4)KFAS
0%
Mitry - Claye -› Massy-Pal DIRECT Mitry - Aulnay + Aulnay - Gare du Nord (3)KHIR
0%
Mitry - Claye -› Massy-Pal DIRECT Mitry - Aulnay + Aulnay - Gare du Nord (4)KHOR
0%
Aéroport CDG 2 -› Orsay-Ville SAUF Parc de Sceaux et Massy - Verrières (vacs été)LOTA
0%
Massy - Palaiseau -› Aéroport CDG 1 DIRECT Gare du Nord - Aulnay + Aulnay - Aéroport CDG 1OROC
0%
Gare du Nord -› Saint-Rémy DIRECT Cité U - Bourg-la-ReinePNEU
0%
Aéroport CDG 2 -› Laplace DIRECT CDG1 - Aulnay + Aulnay - Gare du Nord (vacs d'été)ULAI
0%

Distribution des résultats

Percentile par nombre de réponses

% des personnes avec chaque résultat

Votre développement - résultats

Vous n’avez pas pris ce quiz